Smallest Countries by Continent by Population - Statistics

General Stats
  • This quiz has been taken 359 times
    344 since last reset
  • The average score is 5 of 6
Answer Stats
Hint Countries % Correct
Europe Vatican City
99%
Oceania Nauru
89%
South America Suriname
88%
North America Saint Kitts and Nevis
83%
Africa Seychelles
74%
Asia Maldives
65%
No matching quizzes found
Score Distribution
Percent of People with Each Score
Percentile by Number Answered
Your Score History
You have not taken this quiz since the last reset